[Event "Malgrat del Mar op"]
[Site "Malgrat del Mar"]
[Date "1997.03.15"]
[Round "1"]
[White "Barrera Negra, Luis"]
[Black "Hernandez Carro, Jorge"]
[Result "1-0"]
[WhiteElo "1925"]
[BlackElo "1850"]
[PlyCount "80"]
[EventDate "1997.??.??"]
[EventType "swiss"]
[EventRounds "9"]
[EventCountry "ESP"]
[SourceTitle "EXT 2003"]
[Source "ChessBase"]
[SourceDate "2002.11.25"]
[SourceVersion "1"]
[SourceVersionDate "2002.11.25"]
[SourceQuality "1"]

1. d4 Nf6 2. c4 e6 3. Nc3 Bb4 4. Bg5 0-0 5. e4 Be7 6. Bd3 Nc6 7. Nf3 Ne8 8. Be3 Nb4 9. Bb1 d5 10. a3 dxe4 11. Nxe4 Nc6 12. Qc2 g6 13. 0-0 Nf6 14. h3 Nxe4 15. Qxe4 Bf6 16. b4 Ne7 17. Ra2 c6 18. Rd2 Nf5 19. g4 Nxe3 20. fxe3 Qc7 21. Rg2 Rb8 22. Nd2 Bg7 23. Qf3 b6 24. Ne4 f5 25. gxf5 Rxf5 26. Qe2 Rxf1+ 27. Qxf1 Bb7 28. c5 bxc5 29. Nxc5 e5 30. Ba2+ Kh8 31. Ne6 Qe7 32. Rf2 Bh6 33. Qd3 exd4 34. Qxd4+ Bg7 35. Qc4 Qd6 36. Nxg7 Qg3+ 37. Kf1 Qxh3+ 38. Ke2 Qc8 39. Qd4 a6 40. Kd1 Qd8 1-0